Datum a čas kvízu
29
Celkem bodů
Celkový počet nahraných bodů na tomto kvízu bez doplňovacích otázek.
2.
Pořadí na kvízu
Konečné umístění týmu na tomto kvízu.
Zaznamenané odpovědi
| # | Otázka | Odpověď | Body | Výsledky |
|---|---|---|---|---|
| 1. | V roce 2021 proběhlo na Univer... | žádná | 1 | |
| 2. | 26. května loňského roku došlo... | Adam Vojtěch | 1 | |
| 3. | 23. březen 2021 bude provždy s... | loď Ever Given zablokovala Suezský průplav | 1 | |
| 4. | Jen o čtyři dny později došlo... | při pádu vrtulníku zemřel Petr Kellner | 1 | |
| 5. | Který tým se 29. května stal v... | Chelsea FC | 0 | |
| 6. | V tomto tématu nemůžeme jinak,... | 6 osob | 1 | |
| 7. | Koncem ledna jmenoval preziden... | Vojtěch Adam, Mendelova univerzita/MENDELU | 0.5 | |
| 8. | V čele které z uvedených unive... | D | 1 | |
| 9. | Jak zní jméno ženy na fotograf... | Danuše Nerudová | 1 | |
| 10. | A na závěr zpět na UP. Jak zní... | Jaroslav Miller | 0 |